| 000 | 00490 a2200181 4500 | ||
|---|---|---|---|
| 001 | 142773 | ||
| 040 | _cLeonardo Da Vinci | ||
| 041 | _aPortuguês | ||
| 082 |
_aAP540 L564q _bL564q |
||
| 100 |
_aLEMBO, Antonio _aCARVALHO, Geraldo Camargo de |
||
| 245 | _aQuímica 3 - físico-química | ||
| 250 | _aLTC | ||
| 260 |
_bAnglo _c1999 _aSão Paulo |
||
| 300 | _a87 | ||
| 362 | _a19990000 | ||
| 697 |
_aQuímica _aSolução _aEstado coloidal _aTermoquímica _aOxirredução _aLTC |
||
| 942 | _cBK | ||
| 999 |
_c142773 _d142773 |
||